<?xml version="1.0" encoding="UTF-8"?>
<record
    xmlns:xsi="http://www.w3.org/2001/XMLSchema-instance"
    xsi:schemaLocation="http://www.loc.gov/MARC21/slim http://www.loc.gov/standards/marcxml/schema/MARC21slim.xsd"
    xmlns="http://www.loc.gov/MARC21/slim">

  <leader>03297njm a2200649 i 4500</leader>
  <controlfield tag="001">196109</controlfield>
  <controlfield tag="003">ES-MaACL</controlfield>
  <controlfield tag="005">20250904042302.0</controlfield>
  <controlfield tag="007">sd*fsngnnmmned</controlfield>
  <controlfield tag="008">240209s2007    sp opn   d     /    ger  </controlfield>
  <datafield tag="015" ind1=" " ind2=" ">
    <subfield code="a">SON07</subfield>
  </datafield>
  <datafield tag="017" ind1=" " ind2=" ">
    <subfield code="a">M 25700-2007</subfield>
    <subfield code="b">Oficina Dep&#xF3;sito Legal Madrid</subfield>
  </datafield>
  <datafield tag="020" ind1=" " ind2=" ">
    <subfield code="a">9788496832671</subfield>
  </datafield>
  <datafield tag="035" ind1=" " ind2=" ">
    <subfield code="a">(OCoLC)733194815</subfield>
  </datafield>
  <datafield tag="035" ind1=" " ind2=" ">
    <subfield code="a">(SpMaBN)a4580562</subfield>
  </datafield>
  <datafield tag="040" ind1=" " ind2=" ">
    <subfield code="a">SpMaBN</subfield>
    <subfield code="b">spa</subfield>
    <subfield code="c">SpMaBN</subfield>
    <subfield code="e">rdc</subfield>
  </datafield>
  <datafield tag="100" ind1="1" ind2=" ">
    <subfield code="a">Wagner, Richard, </subfield>
    <subfield code="d">1813-1883</subfield>
    <subfield code="9">240522</subfield>
    <subfield code="e">cmp</subfield>
  </datafield>
  <datafield tag="240" ind1="1" ind2="4">
    <subfield code="a">Der Ring des Nibelungen.</subfield>
    <subfield code="p">Die Walk&#xFC;re</subfield>
  </datafield>
  <datafield tag="245" ind1="1" ind2="4">
    <subfield code="a">Die Walk&#xFC;re /</subfield>
    <subfield code="c">Wagner ; libreto de Richard Wagner </subfield>
    <subfield code="h">[Grabaci&#xF3;n sonora]</subfield>
  </datafield>
  <datafield tag="260" ind1=" " ind2=" ">
    <subfield code="a">Madrid :</subfield>
    <subfield code="b">Prisa Innova, </subfield>
    <subfield code="c">D.L. 2007</subfield>
  </datafield>
  <datafield tag="264" ind1=" " ind2=" ">
    <subfield code="a">&#xA9;2007</subfield>
  </datafield>
  <datafield tag="300" ind1=" " ind2=" ">
    <subfield code="a">3 discos (CD Audio) + </subfield>
    <subfield code="e">1 libro (106 p&#xE1;ginas)</subfield>
  </datafield>
  <datafield tag="336" ind1=" " ind2=" ">
    <subfield code="2">rdacontent</subfield>
    <subfield code="a">m&#xFA;sica (interpretada)</subfield>
  </datafield>
  <datafield tag="337" ind1=" " ind2=" ">
    <subfield code="2">rdamedia</subfield>
    <subfield code="a">audio</subfield>
  </datafield>
  <datafield tag="338" ind1=" " ind2=" ">
    <subfield code="2">rdacarrier</subfield>
    <subfield code="a">volumen</subfield>
  </datafield>
  <datafield tag="490" ind1="1" ind2=" ">
    <subfield code="a">Los cl&#xE1;sicos de la &#xF3;pera, 400 a&#xF1;os ;</subfield>
    <subfield code="v">30</subfield>
  </datafield>
  <datafield tag="500" ind1=" " ind2=" ">
    <subfield code="a">Remasterizado</subfield>
  </datafield>
  <datafield tag="511" ind1="1" ind2=" ">
    <subfield code="a">Martha M&#xF6;dl, Leonie Rysanek, Ferdinand Frantz, Ludwig Suthaus, Margarete Klose, Gottlob Frick, Gerda Schreyer, Judith Hellwig, Dagmar Schmedes, Ruth Siewert, Erika K&#xF6;th, Hertha T&#xF6;pper, Johanna Blatter, Dagmar Hermann ; Orquesta Filarm&#xF3;nica de Viena ; Wilhelm Furtw&#xE4;ngler, director musical.</subfield>
  </datafield>
  <datafield tag="518" ind1=" " ind2=" ">
    <subfield code="a">Grabado en el Musikvereinsaal de Viena en septiembre y octubre de 1954</subfield>
  </datafield>
  <datafield tag="520" ind1=" " ind2=" ">
    <subfield code="a">En su exilio de Zurich en 1849, Wagner comenz&#xF3; el libreto de su vasta y ambiciosa obra basada en el Cantar de los nibelungos, que se estrenar&#xED;a finalmente en Bayreuth en 1876. Despu&#xE9;s del pr&#xF3;logo que constituye El oro del Rin, con La Walkyria entramos de lleno en el terreno de las emociones humanas &#x2015;el destino tr&#xE1;gico, el amor incestuoso que sacude los cimientos del mundo burgu&#xE9;s&#x2015;, con una intensidad dram&#xE1;tica sin precedentes.</subfield>
  </datafield>
  <datafield tag="650" ind1=" " ind2="7">
    <subfield code="a">&#xD3;peras-</subfield>
    <subfield code="9">137584</subfield>
    <subfield code="v">Libretos</subfield>
  </datafield>
  <datafield tag="655" ind1=" " ind2="7">
    <subfield code="a">Libretos</subfield>
    <subfield code="2"></subfield>
    <subfield code="9">242219</subfield>
  </datafield>
  <datafield tag="700" ind1="1" ind2=" ">
    <subfield code="a">Wagner, Richard, </subfield>
    <subfield code="d">1813-1883- </subfield>
    <subfield code="t">Der Ring des Nibelungen- </subfield>
    <subfield code="p">Die Walk&#xFC;re- </subfield>
    <subfield code="l">Espa&#xF1;ol-Alem&#xE1;n</subfield>
    <subfield code="9">238297</subfield>
    <subfield code="e">lbt</subfield>
  </datafield>
  <datafield tag="700" ind1="1" ind2=" ">
    <subfield code="a">M&#xF6;dl, Martha, </subfield>
    <subfield code="d">1912-2001</subfield>
    <subfield code="9">238298</subfield>
    <subfield code="e">prf</subfield>
  </datafield>
  <datafield tag="700" ind1="1" ind2=" ">
    <subfield code="a">Rysanek, Leonie, </subfield>
    <subfield code="d">1926-1998</subfield>
    <subfield code="9">238299</subfield>
    <subfield code="e">prf</subfield>
  </datafield>
  <datafield tag="700" ind1="1" ind2=" ">
    <subfield code="a">Frantz, Ferdinand, </subfield>
    <subfield code="d">1906-1959</subfield>
    <subfield code="9">238300</subfield>
    <subfield code="e">prf</subfield>
  </datafield>
  <datafield tag="700" ind1="1" ind2=" ">
    <subfield code="a">Suthaus, Ludwig</subfield>
    <subfield code="9">237905</subfield>
    <subfield code="e">prf</subfield>
  </datafield>
  <datafield tag="700" ind1="1" ind2=" ">
    <subfield code="a">Klose, Margarete, </subfield>
    <subfield code="d">1899-1968</subfield>
    <subfield code="9">238301</subfield>
    <subfield code="e">prf</subfield>
  </datafield>
  <datafield tag="700" ind1="1" ind2=" ">
    <subfield code="a">Frick, Gottlob, </subfield>
    <subfield code="d">1906-1994</subfield>
    <subfield code="9">237855</subfield>
    <subfield code="e">prf</subfield>
  </datafield>
  <datafield tag="700" ind1="1" ind2=" ">
    <subfield code="a">Schreyer, Gerda</subfield>
    <subfield code="9">238302</subfield>
    <subfield code="e">prf</subfield>
  </datafield>
  <datafield tag="700" ind1="1" ind2=" ">
    <subfield code="a">Hellwig, Judith</subfield>
    <subfield code="e">prf</subfield>
    <subfield code="9">240678</subfield>
  </datafield>
  <datafield tag="700" ind1="1" ind2=" ">
    <subfield code="a">Schmedes, Dagmar</subfield>
    <subfield code="e">prf</subfield>
    <subfield code="9">240679</subfield>
  </datafield>
  <datafield tag="700" ind1="1" ind2=" ">
    <subfield code="a">Siewert, Ruth</subfield>
    <subfield code="e">prf</subfield>
    <subfield code="9">240680</subfield>
  </datafield>
  <datafield tag="700" ind1="1" ind2=" ">
    <subfield code="a">K&#xF6;th, Erika</subfield>
    <subfield code="e">prf</subfield>
    <subfield code="9">240681</subfield>
  </datafield>
  <datafield tag="700" ind1="1" ind2=" ">
    <subfield code="a">T&#xF6;pper, Hertha</subfield>
    <subfield code="e">prf</subfield>
    <subfield code="9">240682</subfield>
  </datafield>
  <datafield tag="700" ind1="1" ind2=" ">
    <subfield code="a">Blatter, Johanna</subfield>
    <subfield code="e">prf</subfield>
    <subfield code="9">240683</subfield>
  </datafield>
  <datafield tag="700" ind1="1" ind2=" ">
    <subfield code="a">Hermann, Dagmar</subfield>
    <subfield code="e">prf</subfield>
    <subfield code="9">240684</subfield>
  </datafield>
  <datafield tag="700" ind1="1" ind2=" ">
    <subfield code="a">Furtw&#xE4;ngler, Wilhelm, </subfield>
    <subfield code="d">1886-1954</subfield>
    <subfield code="9">237911</subfield>
    <subfield code="e">msd</subfield>
  </datafield>
  <datafield tag="710" ind1="2" ind2=" ">
    <subfield code="a">Wiener Philharmoniker</subfield>
    <subfield code="9">239273</subfield>
  </datafield>
  <datafield tag="852" ind1=" " ind2=" ">
    <subfield code="a">ES-MaACL</subfield>
    <subfield code="b">R.155043</subfield>
    <subfield code="c">DEPOJ</subfield>
    <subfield code="j">N-9825</subfield>
    <subfield code="h">Donaci&#xF3;n: Miren Fern&#xE1;ndez</subfield>
    <subfield code="x">Encuadernaci&#xF3;n carton&#xE9; </subfield>
    <subfield code="p">Volumen 30</subfield>
    <subfield code="9">205746</subfield>
  </datafield>
  <datafield tag="903" ind1=" " ind2=" ">
    <subfield code="a">Fern&#xE1;ndez, Miren</subfield>
    <subfield code="e">dnr</subfield>
  </datafield>
  <datafield tag="942" ind1=" " ind2=" ">
    <subfield code="c">MONOGRAFIA</subfield>
    <subfield code="n">0</subfield>
  </datafield>
  <datafield tag="999" ind1=" " ind2=" ">
    <subfield code="c">196109</subfield>
    <subfield code="d">196109</subfield>
  </datafield>
  <datafield tag="952" ind1=" " ind2=" ">
    <subfield code="0">0</subfield>
    <subfield code="1">0</subfield>
    <subfield code="2">udc</subfield>
    <subfield code="4">0</subfield>
    <subfield code="7">0</subfield>
    <subfield code="a">ATENEOM</subfield>
    <subfield code="b">ATENEOM</subfield>
    <subfield code="c">DEPOJ</subfield>
    <subfield code="d">2025-05-23</subfield>
    <subfield code="e">DONACION</subfield>
    <subfield code="l">0</subfield>
    <subfield code="o">N-9825</subfield>
    <subfield code="p">101230130</subfield>
    <subfield code="r">2025-05-23 00:00:00</subfield>
    <subfield code="w">2025-05-23</subfield>
    <subfield code="y">MONOGRAFIA</subfield>
  </datafield>
</record>
